000 00617nam a2200205 i 4500
001 65022
003 ES-MaACL
005 20230906165300.0
007 t|
008 040108s1945 sp ||||1|dspa d
080 _a929(73)
100 1 _aFrank, J.
_952306
245 1 0 _aAmericanos /
_cJ. Frank ; traducción de G. y L. Gossé ; portada de F. Porredón ; ilustraciones de Sanjuán.
250 _a1ª ed.
260 _a[Barcelona] :
_bAlejo Climent,
_c[1945] (
_fSimpar)
300 _a393 p. ;
_c19 cm.
700 1 _aGossé, G.
_959257
700 1 _aGossé, L. (
_d1916-2001)
_9156828
852 _aES-MaACL
_jB-10043
999 _c65022
_d65022